| 000 | 00727nam a2200193 i 4500 | ||
|---|---|---|---|
| 001 | 32347 | ||
| 003 | ES-MaACL | ||
| 005 | 20230910063044.0 | ||
| 007 | t| | ||
| 008 | 030131s1906 sp ||||1| spa d | ||
| 100 | 1 |
_aBenito y Endara, Lorenzo, _d1855-1932 _927698 |
|
| 245 | 1 | 3 |
_aLa letra de cambio _b: conferencia de la extensión universitaria de la Universidad de Barcelona... el 21 de enero 1906 / _cLorenzo Benito y Endara. |
| 260 |
_aFigueras : _b[s.n.], _c1906 ( _fImpr. de Mariano Alegret Colom) |
||
| 300 |
_a17 p. ; _c21 cm. |
||
| 650 | 4 |
_aLetras de cambio. _9136393 |
|
| 710 | 2 |
_aUniversidad de Barcelona. _97141 |
|
| 852 |
_aES-MaACL _jT-164-F-3 _z. - Ded. manuscrita del autor |
||
| 999 |
_c32347 _d32347 |
||